| 000 | 01180nam a2200241 i 4500 | ||
|---|---|---|---|
| 001 | 173962 | ||
| 003 | ES-MaACL | ||
| 005 | 20251114103629.0 | ||
| 008 | 100203s1898 sp |||| | spa d | ||
| 100 | 1 |
_aCruz, Ramón de la, _d1731-1794 _941806 |
|
| 245 | 1 | 4 |
_aLas castañeras picadas : sainete original de Ramón de la Curz / _crefundido en tres cuadros por Carlos Fernández Shaw... con música de los maestros Valverde (hijo) y Torregrosa. |
| 260 |
_aMadrid : _b[Arregui y Aruej], _c1898 ( _fR. Velasco, imp.) |
||
| 300 |
_a45 p. ; _c18 cm. |
||
| 490 | 1 | _aBiblioteca lírico-dramática y teatro cómico | |
| 500 | _aEn port.: Representado por primera vez en el Teatro de Apolo la noche del 28 de mayo de 1898. | ||
| 500 | _aSolo la letra. | ||
| 700 | 1 |
_aFernández-Shaw, Carlos, _d1865-1911 _950098 |
|
| 700 | 1 |
_aLópez Torregrosa, Tomás. _9129230 |
|
| 700 | 1 |
_aValverde, Joaquín, _d1875-1918 _9142098 |
|
| 830 | 0 | 0 |
_aBiblioteca lirico-dramática y teatro cómico _9188056 |
| 852 |
_aES-MaACL _jF-8635(6) _z- Enc. pasta española _z- Enc. en un vol. facticio formando parte de la col. facticia "Teatro español moderno", vol. 90 |
||
| 999 |
_c173962 _d173962 |
||